Library Logo

Pioneer International University Library Catalogue

THE TRAITOR (Record no. 9566)

MARC details
000 -LEADER
fixed length control field 00336nam a22001337a 4500
005 - DATE AND TIME OF LATEST TRANSACTION
control field 20250901165819.0
008 - FIXED-LENGTH DATA ELEMENTS--GENERAL INFORMATION
fixed length control field 250409b |||||||| |||| 00| 0 eng d
020 ## - INTERNATIONAL STANDARD BOOK NUMBER
International Standard Book Number 9780435893033
050 ## - LIBRARY OF CONGRESS CALL NUMBER
Classification number PL 8231.9.S45 1998
245 ## - TITLE STATEMENT
Title THE TRAITOR
Statement of responsibility, etc. SEKYI KOFI
260 ## - PUBLICATION, DISTRIBUTION, ETC.
Place of publication, distribution, etc. SOUTH AFRICA
Name of publisher, distributor, etc. HEINEMANN PUBLISHERS
Date of publication, distribution, etc. 1998
300 ## - PHYSICAL DESCRIPTION
Extent 91
942 ## - ADDED ENTRY ELEMENTS (KOHA)
Source of classification or shelving scheme Library of Congress Classification
Holdings
Withdrawn status Lost status Source of classification or shelving scheme Damaged status Not for loan Collection Home library Current library Shelving location Date acquired Source of acquisition Total checkouts Full call number Barcode Date last seen Price effective from Koha item type
    Library of Congress Classification       Main Library Main Library   04/09/2025 DONATION FROM KICD   PL 8231.9.S45 1998 PIUD0000661 04/09/2025 04/09/2025 Books
    Library of Congress Classification       Main Library Main Library   04/09/2025 DONATION FROM KICD   PL 8231.9.S45 1998 PIUD0000662 04/09/2025 04/09/2025 Books